Angielskie słówka 2 - Statystyki

Ogólne statystyki
  • Ten quiz został rozwiązany 401 razy
  • Średni wynik to 34 z 35
Statystyki odpowiedzi
Przymiotnik Tłumaczenie % Poprawnych
England Anglia
100%
France Francja
100%
Spain Hiszpania
100%
Ireland Irlandia
100%
Poland Polska
100%
Belgium Belgia
99%
China Chiny
99%
Finland Finlandia
99%
Greece Grecja
99%
Germany Niemcy
99%
Norway Norwegia
99%
Russia Rosja
99%
Slovakia Słowacja
99%
Sweden Szwecja
99%
Turkey Turcja
99%
Italy Włochy
99%
Cyprus Cypr
98%
Japan Japonia
98%
Mexico Meksyk
98%
New Zealand Nowa Zelandia
98%
Scotland Szkocja
98%
Lithuania Litwa
97%
Romania Rumunia
97%
Singapore Singapur
97%
Thailand Tajlandia
97%
United Kingdom Wielka Brytania
97%
Belarus Białoruś
95%
Netherlands Holandia
93%
Iceland Islandia
93%
Wales Walia
92%
Azerbaijan Azerbejdżan
91%
Denmark Dania
91%
Hungary Węgry
91%
Georgia Gruzja
77%
South Africa Republika południowej Afryki
68%
Nie znaleziono quizów pasujących do podanych kryteriów
Rozkład punktacji
Procent ludzi z każdym wynikiem
Percentyl według liczby udzielonych odpowiedzi
Twoja historia wyników
Nie rozwiązałeś tego quizu